000 00469nam a2200181Ia 4500
005 20240823060610.0
008 240823s9999||||xx |||||||||||||| ||und||
041 _aENGLISH
082 _A621.312 Q8
100 _aVedam Subrahmanyam
245 0 _aElectric Drives Concepts and Applications
250 _a2nd
260 _c2018
_bMcGraw Hill Education Private Li
500 _aTRANSFERED
650 _aelectric drives
_bElectrical
942 _cBK
999 _c231520
_d231520